| 000 | 00515nam a2200205 a 4500 | ||
|---|---|---|---|
| 999 |
_c7207 _d7207 |
||
| 001 | 7207 | ||
| 003 | BD-JhCC | ||
| 005 | 20180206124211.0 | ||
| 008 | 180206s1970 e |||| || | 000 0 eng d | ||
| 035 | _a(BD-JhCC)7207 | ||
| 040 |
_aBD-JhCC _dBD-JhCC |
||
| 041 | _aeng | ||
| 082 |
_a823.912 _bCAR 1970 |
||
| 100 | _aCarter, Youngman | ||
| 245 |
_aMr Campion's Falcon / _cYoungman Carter, |
||
| 260 |
_aLondon : _bWilliam Heinemann Ltd, _c1970 |
||
| 300 |
_a198 p. : _c20 cm. |
||
| 942 |
_2ddc _cBK |
||